Najsłabsze reprezentacje krajów w piłkę nożną - Statystyki

Ogólne statystyki
  • Ten quiz został rozwiązany 14 razy
  • Średni wynik to 6 z 15
Statystyki odpowiedzi
Top: Odpowiedź % Poprawnych
1 (Jeden z najmniejszych krajów na świecie) San Marino
100%
15 (Brytyjskie terytorium zamorskie w Europie) Gibraltar
50%
13 (Państwo w południowej części Azji, położone wzdłuż Indusu i liczące ponad 200 milionów mieszkańców) Pakistan
50%
3 (terytorium zależne Stanów Zjednoczonych w basenie Morza Karaibskiego) Wyspy Dziewicze Stanów Zjednoczonych
50%
4 (brytyjskie terytorium zamorskie w basenie Morza Karaibskiego, obejmujące 36 wysp) Brytyjskie Wyspy Dziewicze
42%
7 (Jeden z najmniejszych krajów na świecie) Liechtenstein
42%
10 (Państwo wyspiarskie na Oceanie Indyjskim, ok. 1600 km od wybrzeży Afryki) Seszele
42%
9 (Państwo w północno-wschodniej części Afryki położone na półwyspie) Somalia
42%
6 (państwo wyspiarskie, należące do archipelagu Indii na Zachodnich na Oceanie Atlantyckim) Bahamy
33%
14 (Państwo w Archipelagu Malajskim. Od zachodu graniczy z Indonezją) Timor Wschodni
33%
11 (Często mylone z częścią Indii) Sri Lanka
25%
5 (terytorium zależne Wielkiej Brytanii na Oceanie Atlantyckim, na północ od wyspy Haiti) Turks i Caicos
25%
2 (terytorium zamorskie Wielkiej Brytanii na Morzu Karaibskim) Anguilla
17%
8 (W nazwie tego kraju jest powiedziane że jest mały) Mikronezja
17%
12 (Państwo leżące na archipelagu o tej samej nazwie) Tonga
17%
Nie znaleziono quizów pasujących do podanych kryteriów
Rozkład punktacji
Procent ludzi z każdym wynikiem
Percentyl według liczby udzielonych odpowiedzi
Twoja historia wyników
Nie rozwiązałeś tego quizu